<?xml version="1.0" encoding="UTF-8"?>
<collection xmlns="http://www.loc.gov/MARC21/slim">
 <record>
  <leader>00400pamaa2200145   4500</leader>
  <controlfield tag="001">0000013113</controlfield>
  <controlfield tag="005">20061115090000.0</controlfield>
  <datafield tag="020" ind1="0" ind2="0">
   <subfield code="a">1853261807 </subfield>
  </datafield>
  <datafield tag="090" ind1="0" ind2="0">
   <subfield code="a">PR3757.W6 </subfield>
   <subfield code="b">WAL 1996</subfield>
  </datafield>
  <datafield tag="100" ind1="1" ind2="0">
   <subfield code="a">WALTON </subfield>
  </datafield>
  <datafield tag="245" ind1="1" ind2="4">
   <subfield code="a">The compleat angler  </subfield>
   <subfield code="c">Izaak Walton and Charles Cotton.</subfield>
  </datafield>
  <datafield tag="260" ind1="0" ind2="0">
   <subfield code="a">Hertfordshire: </subfield>
   <subfield code="b">Wordsworth Classicr, </subfield>
   <subfield code="c">1996.</subfield>
  </datafield>
  <datafield tag="300" ind1=" " ind2=" ">
   <subfield code="a">360p.: </subfield>
   <subfield code="b">ill.; </subfield>
   <subfield code="c">20cm.</subfield>
  </datafield>
  <datafield tag="650" ind1="0" ind2="0">
   <subfield code="a">Fiction </subfield>
  </datafield>
  <datafield tag="700" ind1="1" ind2="0">
   <subfield code="a">COTTON, </subfield>
   <subfield code="h">Charles </subfield>
  </datafield>
 </record>
</collection>
